| 000 | 00000nam 2200000za 4500 |
| 001 | 9.800964 |
| 003 | CaOODSP |
| 005 | 20221107134716 |
| 007 | cr ||||||||||| |
| 008 | 160506s2015 onc o f000 0 fre d |
| 020 | |a978-0-660-02387-8 |
| 040 | |aCaOODSP|bfre |
| 043 | |an-cn--- |
| 086 | 1 |aFo4-56/2015F-PDF |
| 245 | 00|aEspèces en péril - document d'information |h[ressource électronique]. |
| 260 | |a[Ottawa] : |bRessources naturelles Canada, |cc2015. |
| 300 | |a[2] p. |
| 500 | |aPublié aussi en anglais sous le titre : Species at-risk - fact sheet. |
| 530 | |aÉgalement publié en version imprimée. |
| 692 | 07|2gccst|aEspèce menacée |
| 692 | 07|2gccst|aEspèce protégée |
| 692 | 07|2gccst|aConservation de la nature |
| 710 | 1 |aCanada.|bRessources naturelles Canada. |bService canadien des forêts. |
| 775 | 08|tSpecies at-risk - fact sheet |w(CaOODSP)9.800963 |
| 776 | 0#|tEspèces en péril : |w(CaOODSP)9.802071 |
| 856 | 40|qPDF|s595 Ko|uhttps://publications.gc.ca/collections/collection_2016/rncan-nrcan/Fo4-56-2015-fra.pdf |
| 986 | |aNuméro de catalogue : 36134 |